000 00322nam a2200145Ia 4500
008 150301s2015 xx 000 0 und d
082 _a510
_bP12J
100 _aJAIN, N.K
245 _aPHARMACEUTICAL ARITHMETIC
250 _a2ND
260 _bAITBS DELHI
300 _a106
650 _aPHARMACEUTICS
942 _2ddc
_cBK
999 _c7277
_d7277